Welcome to CU Library Online Public Access Catalogue (OPAC)

Fundamental financial accounting concepts / (Record no. 4548)

MARC details
000 -LEADER
fixed length control field 00654cam a22002174a 4500
001 - CONTROL NUMBER
control field 13728354
005 - DATE AND TIME OF LATEST TRANSACTION
control field 20250307155237.0
008 - FIXED-LENGTH DATA ELEMENTS--GENERAL INFORMATION
fixed length control field 040923s2006 maua 001 0 eng
020 ## - INTERNATIONAL STANDARD BOOK NUMBER
International Standard Book Number 0072989432
020 ## - INTERNATIONAL STANDARD BOOK NUMBER
International Standard Book Number 9780072989434
050 00 - LIBRARY OF CONGRESS CALL NUMBER
Classification number HF5636
Item number .F86 2006
082 00 - DEWEY DECIMAL CLASSIFICATION NUMBER
Classification number 657
Edition information 22
245 00 - TITLE STATEMENT
Title Fundamental financial accounting concepts /
Statement of responsibility, etc. Thomas P. Edmonds ... [et al.].
250 ## - EDITION STATEMENT
Edition statement 5th ed.
260 ## - PUBLICATION, DISTRIBUTION, ETC.
Place of publication, distribution, etc. Boston, Mass. :
Name of publisher, distributor, etc. McGraw-Hill Irwin,
Date of publication, distribution, etc. c2006.
300 ## - PHYSICAL DESCRIPTION
Extent xxx, 671 p. :
Other physical details col. ill. ;
Dimensions 29 cm. +
Accompanying material 1 CD-ROM (4 3/4 in.)
500 ## - GENERAL NOTE
General note Includes index.
650 #0 - SUBJECT ADDED ENTRY--TOPICAL TERM
Topical term or geographic name entry element Accounting.
700 1# - ADDED ENTRY--PERSONAL NAME
Personal name Edmonds, Thomas P.
942 ## - ADDED ENTRY ELEMENTS (KOHA)
Source of classification or shelving scheme Library of Congress Classification
Koha item type Books
Edition 5th Ed.
Suppress in OPAC No
999 ## -
-- 4548
-- 4548
Holdings
Withdrawn status Lost status Source of classification or shelving scheme Damaged status Not for loan Collection Home library Current library Shelving location Date acquired Total checkouts Full call number Barcode Date last seen Copy number Price effective from Koha item type
    Library of Congress Classification     Non-fiction Business Library (Miotso) Business Library (Miotso) General stacks 03/07/2025   HF5636 .F86 2006 BSSM00001173 03/07/2025 1 03/07/2025 Books
    Library of Congress Classification     Non-fiction Business Library (Miotso) Business Library (Miotso) General stacks 03/07/2025   HF5636 .F86 2006 BSSM00001174 03/07/2025 2 03/07/2025 Books
© 2023-2024 Copyright: Central University Libraries. All Rights Reserved | Created by: Mahone Tech Office